La imagen descartada : introducción a la literatura medieval y renacentista /

Bibliographic Details
Main Author: Lewis, C. S. (Clive Staples), 1898-1963 (Author)
Other Authors: Manzano, Carlos (Translator)
Format: Electronic eBook
Language:Spanish
English
Published: Barcelona : Antoni Bosch editor, [2022]
Subjects:
Online Access:Digitalia Hispánica

MARC

LEADER 00000nam a2200000Ii 4500
001 DIGANBSCH0042
003 NyNyDIG
006 m o d
007 cr |||||||||||
008 240103s2022 sp ob 001 0 spa d
035 |a (OCoLC)1417821251 
040 |a DGITA  |b eng  |e rda  |e pn  |c DGITA 
020 |a 9788412244380  |q eBook 
020 |z 9788412244373 
041 1 |a spa  |h eng 
050 1 4 |a PN671 ebook 
100 1 |a Lewis, C. S.  |q (Clive Staples),  |d 1898-1963,  |e author. 
240 1 0 |a Discarded image.  |l Spanish  |s (Manzano) 
245 1 3 |a La imagen descartada :  |b introducción a la literatura medieval y renacentista /  |c C.S. Lewis ; traducción de Carlos Manzano. 
264 1 |a Barcelona :  |b Antoni Bosch editor,  |c [2022] 
300 |a 1 online resource. 
336 |a text  |b txt  |2 rdacontent 
337 |a computer  |b c  |2 rdamedia 
338 |a online resource  |b cr  |2 rdacarrier 
347 |a text file  |2 rdaft 
347 |b EPUB 
504 |a Includes bibliographical references and index. 
588 0 |a Online resource; title from ePub title page (Digitalia, viewed January 3, 2024) 
650 0 |a Literature, Medieval  |x History and criticism. 
650 0 |a Latin literature  |x History and criticism. 
700 1 |a Manzano, Carlos,  |e translator. 
700 1 |i Translation of:  |a Lewis, C. S.  |q (Clive Staples),  |d 1898-1963.  |t Discarded image. 
791 2 |a Digitalia (Firm),  |e distributor. 
793 0 |g Digitalia eBook Collection:  |a Antoni Bosch Editor 
776 0 8 |i Print version:  |a Lewis, C. S. (Clive Staples), 1898-1963.  |s Discarded image. Spanish (Manzano).  |t Imagen descartada.  |d Barcelona : Antoni Bosch editor, [2022]  |z 9788412244373 
856 4 0 |3 Digitalia Hispánica  |u https://www.digitaliapublishing.com/a/121330/ 
910 |a Premium collection: 2024